000 00583nam a2200205 u 4500
005 20240223063622.0
008 080514s2006 r 000 0 eng d
020 _a8496473481
035 _aUPN01000155909
049 _aI
050 4 _aPZ44.9
_bK6.3
100 1 _aKoch, Antonio
245 1 0 _aFeo+guapo /
_cAntonio Koch ; il. Keisuke Shimura.
260 _aBarcelona, Esp. :
_bThule,
_c2006.
300 _a[26] p. :
_bil.
534 _ptraducción de:
_tBrutto + bello
650 4 _aCuentos infantiles italianos
_97373
700 1 _aShimura, Keisuke,
_eil.
905 _aInfantil
999 _c128023
_d128023